00463 a2200157 450000500170000002000180001708200140003510000190004924500730006825000120014126000380015330000510019170000210024270000200026370000220028320250625140736.0 a0-07-286293-9 a302.2 DeF aDeFLEUR, H . M aFundamentals of Human Communication: Social Science in Everyday Life a3rd Ed. aBostonbMcGraw-Hill Irwin c2005. axv,454p.: ill.; figuresbIndex, Glossaryc23cm aPatricia Kearney aTimothy G. Plax aMelvin L. DeFleur